000 00670nam a2200277Ia 4500
005 20260324130002.0
008 008 260324s9999 xx 000 0 eng d
020 _a9780429136481
037 _aEBOOK
040 _aCRL
040 _beng
040 _cCRL
041 _2eng
041 _aeng
084 _qCRL
100 _aQing-Hua Qin; Hui Wang
_91180083
245 0 _aMATLAB and C Programming for Trefftz Finite Element Methods
260 _bTaylor and Francis
260 _c2008
365 _a
365 _b340
856 _uhttp://www.taylorfrancis.com/books/9780429136481
942 _cEBOOK
999 _c1775811
_d1775811